000 01247cam a2200241 4500
001 5928
010 _a9724303209
021 _b130704/98
090 _a5928
100 _a20211231d1999 me y0pory5003 ba
200 1 _aChamava-se Luís
_fMarina Mayoral
_gtrad. Margarida Machado
210 9 _aPorto
_cAmbar
_d1999
215 _a157 p.
225 2 _aQuarto crescente
304 _aTít. orig.: Chamábase Luís
330 _aLuís era um toxicodependente de uma família modesta. Morreu aos trinta anos. Quando o coveiro acabou de colocar a laje na sua campa, um cortejo de personagens começa a desfilar perante o leitor, dando-nos a sua vidão do protagonista. O resultado é um relato que não faz concessões, em que o amor e o ódio se expressam sem passar pelo filtro do narrador. Marina Mayoral propõe um tem duro e desenvolve-o em toda a sua complexidade, de forma séria e rigorosa. O romance transmite, a cada momento, uma sensação de realidade vivida que consegue manter o leitor suspenso até ao fim
606 _913
_aLiteratura Estrangeira
675 _a821.1/.8
_vBN
_zpor
700 _aMayoral
_bMarina
_f1942-
_95615
702 _aMachado
_bMargarida
_94424
801 _aPT
_bBMVN
_gRPC
830 _cTânia Croca
_d31/12/2021
990 _cLIVROS